000 00565nam a22002057a 4500
005 20251108172419.0
008 250721s2002 xx 000 0 ara d
020 _a9953293007
082 1 4 _a618.97/ماي
100 1 _aإدريس، زينة
245 1 0 _aحول الشيخوخة المعافاة /
264 1 _aبيروت :
_bالدار العربية للعلوم،
_c2002.
300 _a248ص.
650 1 7 _aالطب
650 1 7 _aالشيخوخة
650 1 7 _aالأمراض
710 2 _aمايو كلينك
942 _2ddc
_cBK
999 _c78695
_d78695